Diseno de un sistema de programacion y control orientado a la ejecucion por computadora
Guardado en:
| Hovedforfatter: | |
|---|---|
| Format: | Tesis Bog |
| Sprog: | Undetermined |
| Udgivet: |
1984
|
| Fag: | |
| Tags: |
Tilføj Tag
Ingen Tags, Vær først til at tagge denne postø!
|
MARC
| LEADER | 00000nam a2200000Ia 4500 | ||
|---|---|---|---|
| 001 | 2591 | ||
| 008 | 140114s9999 xx 000 0 und d | ||
| 100 | |a Naranjo Viquez, Johnny | ||
| 245 | |a Diseno de un sistema de programacion y control orientado a la ejecucion por computadora | ||
| 260 | |c 1984 | ||
| 500 | |a NULL | ||
| 502 | |a Escuela de ingenieria Civil | ||
| 650 | |z PROGRAMACION | ||
| 999 | |c 11601 |d 11601 | ||
